|
|
|
|
| LEADER |
03204nam a2200481 4500 |
| 001 |
978-3-319-77428-2 |
| 003 |
DE-He213 |
| 005 |
20190904141321.0 |
| 007 |
cr nn 008mamaa |
| 008 |
180515s2018 gw | s |||| 0|eng d |
| 020 |
|
|
|a 9783319774282
|9 978-3-319-77428-2
|
| 024 |
7 |
|
|a 10.1007/978-3-319-77428-2
|2 doi
|
| 040 |
|
|
|d GrThAP
|
| 050 |
|
4 |
|a HC10-1085
|
| 072 |
|
7 |
|a KCZ
|2 bicssc
|
| 072 |
|
7 |
|a BUS069000
|2 bisacsh
|
| 072 |
|
7 |
|a KCZ
|2 thema
|
| 082 |
0 |
4 |
|a 330.1509
|2 23
|
| 100 |
1 |
|
|a Leeson, Robert.
|e author.
|4 aut
|4 http://id.loc.gov/vocabulary/relators/aut
|
| 245 |
1 |
0 |
|a Hayek: A Collaborative Biography
|h [electronic resource] :
|b Part XI: Orwellian Rectifiers, Mises' 'Evil Seed' of Christianity and the 'Free' Market Welfare State /
|c by Robert Leeson.
|
| 250 |
|
|
|a 1st ed. 2018.
|
| 264 |
|
1 |
|a Cham :
|b Springer International Publishing :
|b Imprint: Palgrave Macmillan,
|c 2018.
|
| 300 |
|
|
|a VI, 548 p.
|b online resource.
|
| 336 |
|
|
|a text
|b txt
|2 rdacontent
|
| 337 |
|
|
|a computer
|b c
|2 rdamedia
|
| 338 |
|
|
|a online resource
|b cr
|2 rdacarrier
|
| 347 |
|
|
|a text file
|b PDF
|2 rda
|
| 490 |
1 |
|
|a Archival Insights into the Evolution of Economics,
|x 2662-6195
|
| 505 |
0 |
|
|a 1.Orwellian Rectifiers and the 'Free' Market Welfare State -- 2.The Economic Consequences of Blind Faith -- 3.The Politicization of Academia -- 4.'Financial Considerations' and the 'Free' Academic Market -- 5.'Consistent Doctrine', 'The Morals of the Market', and the 'Filthy Load of Pinks' -- 6.The Fall of Left Utopia and the Rise of 'Free' Market Euphoria -- 7.'Intellectual Orgies' and 'the "Non-Concept" of Education -- 8.Mises' 'Evil Seed' of Christianity -- 9.'German Villains and Austrian Victims' -- 10.Who Lies Behind the 'Free' Market?
|
| 520 |
|
|
|a Funded by the tobacco and fossil fuel industries, the Mises- and Hayek-inspired 'free' market has adopted 'The Slogan of Liberty' - but should their faith-based assertions be accorded the same epistemological status as a science? If Austrian economics is a branch of divinely revealed 'knowledge' - as the epigone Godfather, Hans Sennholz, insists - what validity do its policy recommendations have? Should those who falsely claim to have PhDs be tax-funded as 'Post-Doctoral Fellows' and 'Professors'? This volume examines the consequences of the 'free' market colonisation of economics - climate change, financial crises and the corruption of academic discourse.
|
| 650 |
|
0 |
|a Economic history.
|
| 650 |
|
0 |
|a Welfare economics.
|
| 650 |
1 |
4 |
|a History of Economic Thought/Methodology.
|0 http://scigraph.springernature.com/things/product-market-codes/W28000
|
| 650 |
2 |
4 |
|a Social Choice/Welfare Economics/Public Choice/Political Economy.
|0 http://scigraph.springernature.com/things/product-market-codes/W31020
|
| 710 |
2 |
|
|a SpringerLink (Online service)
|
| 773 |
0 |
|
|t Springer eBooks
|
| 776 |
0 |
8 |
|i Printed edition:
|z 9783319774275
|
| 776 |
0 |
8 |
|i Printed edition:
|z 9783319774299
|
| 776 |
0 |
8 |
|i Printed edition:
|z 9783030084530
|
| 830 |
|
0 |
|a Archival Insights into the Evolution of Economics,
|x 2662-6195
|
| 856 |
4 |
0 |
|u https://doi.org/10.1007/978-3-319-77428-2
|z Full Text via HEAL-Link
|
| 912 |
|
|
|a ZDB-2-ECF
|
| 950 |
|
|
|a Economics and Finance (Springer-41170)
|